| 000 | 01182nam a22002297a 4500 | ||
|---|---|---|---|
| 999 |
_c9133 _d9133 |
||
| 003 | AR-CdUCM | ||
| 008 | 190327b ||||| |||| 00| 0 spa d | ||
| 040 |
_aMUNICIPALIDAD PROVINCIAL DEL CUSCO _cBIBLIOTECA MUNICIPAL DEL CUSCO |
||
| 041 | _heng | ||
| 082 |
_22ed. _a532 / _bG45 |
||
| 100 |
_aGiles, Ronald V. _925164 |
||
| 245 | _aTeoría y problemas de mecanica de los fluidos e hidraulica / | ||
| 260 |
_aColombia : _bMcGraw-Hill, _c1977. |
||
| 300 |
_a273 páginas ; _c27 cm. |
||
| 440 |
_aSerie de compendios Schaum. _925122 |
||
| 505 | _aContenido : Propiedades de los fluidos -- Fuerzas hidrostaticas sobre las superficies -- Empuje y flotación -- Traslación y rotación de masas liquidas -- Analisis dimensional y semejanza hidraulica -- Fundamentos del flujo de fludos -- Flujo de fluidos en tuberias -- Sistemas de tuberias equivalentes, compuestas, en paralelo y ramificaciones -- Medidas en flujo de fluidos -- Flujo en canales abiertos -- Fuerzas desarrolladas por los fluidos en movimiento --Maquinaria hidraulica. | ||
| 650 |
_aMecanica _925165 |
||
| 650 |
_aHidráulica _921112 |
||
| 700 |
_aMoneva Moneva, Jaime _925166 |
||
| 942 |
_2ddc _cLIBROS |
||
| 945 | _azta | ||